| 000 | 004860000a22001570004500 | ||
|---|---|---|---|
| 003 | MACL | ||
| 005 | 20180228121505.0 | ||
| 008 | 180228b xxu||||| |||| 00| 0 eng d | ||
| 040 | _cmacl | ||
| 100 |
_a शर्मा, ब्रहमदत्त _970879 |
||
| 245 | _aभारतीय ज्योतिष | ||
| 260 |
_b पंचशील प्रकाशन _c2004 |
||
| 350 | _a150 | ||
| 650 |
_a- एस्ट्रोनॉमी, _970880 |
||
| 942 |
_cHIN _k550 _2ddc |
||
| 999 |
_c17900 _d17900 |
||